| 000 | 00880nam a2200205 u 4500 | ||
|---|---|---|---|
| 001 | 000632816 | ||
| 003 | AM-YeHGA | ||
| 005 | 20250617140517.0 | ||
| 008 | 090217s1987 ||| r 000 0 rus d | ||
| 040 | _aAM-YeHGA | ||
| 041 | 0 | _arus | |
| 245 | 0 | 0 |
_aСовременные исследования римского права : _bРеферативный сборник / _cАН СССР. ИНИОН ; [Редкол. : А. Л. Смышляев ( сост. и науч. ред.) и др.]. |
| 260 |
_aМосква : _bИНИОН, _c1987. |
||
| 300 | _a208 с. | ||
| 440 | 0 | _aПроблемы государства и права за рубежом | |
| 650 | 1 | 4 | _aРимское право |
| 700 | 1 |
_aСмышляев, А. Л. _eсост. _4com |
|
| 710 | 2 | _aИнститут научной информации по общественным наукам | |
| 090 | _c222771 | ||
| 999 |
_c221239 _d221239 |
||